CLA 2014 - Concept Lattices and Their Applications 11th International Conference on Concept Latticess and Their Applications : Košice, Slovakia, October 07-10,2014 : proceedings volume I

Podrobná bibliografia
Korporatívny autor: CLA 2014 - Concept Lattices and Their Applications Košice, Slovakia
Ďalší autori: Bertet, Karell (Editor), Rudolph, Sebastian (Editor)
Médium: Konferenčný príspevok Kniha
Jazyk:angličtina
Fyzický popis:278 s. grafy, sch., tab. 24 cm
Vydavateľské údaje: Košice P. J. Šafárik University 2014
ISBN:9788081521591 (brož.)
Vydanie:1st. ed.
Predmet:

MARC

LEADER 00000nam a2200000 a 4500
001 vtls010633037
003 SK-MaSNL
005 20260301094553.0
008 160429s2014 xo da f an 100 0 eng
015 |a SNBA2014/12 
020 |a 9788081521591 (brož.) 
035 |a 56660639-803F-4134-971F-619D2BB36314 
035 |a urn:nbn:sk:snk-amjoyg 
035 |a urn:nbn:sk:snk-am001z1s 
040 |a SNK  |b slo  |c SNK  |e AACR2 
041 0 |a eng  |b eng 
044 |a xo  |c SK 
072 7 |a 004  |x Počítačová veda. Výpočtová technika. Informačné technológie  |2 konspekt 
080 |a 303-7  |2 2001 
080 |a 004.62  |2 2001 
080 |a (062.523)  |2 2001 
080 |a 004.421  |2 2001 
111 2 |a CLA 2014 - Concept Lattices and Their Applications  |n (11. :  |d 2014 :  |c Košice, Slovakia)  |9 428551 
245 1 0 |a CLA 2014 - Concept Lattices and Their Applications  |b 11th International Conference on Concept Latticess and Their Applications : Košice, Slovakia, October 07-10,2014 : proceedings  |n volume I  |c editors: Karell Bertet, Sebastian Rudolph (Eds.) 
246 2 |a Concept Lattices and Their Applications 
250 |a 1st. ed. 
260 |a Košice  |b P. J. Šafárik University  |c 2014 
300 |a 278 s.  |b grafy, sch., tab.  |c 24 cm 
504 |a Bibliogr. odkazy ; index 
650 0 7 |a analýza dát  |2 SNKPH  |9 82141 
650 0 7 |a Data analysis  |2 SNKPHeng  |9 340795 
650 0 7 |a spracovanie dát  |2 SNKPH  |9 1841 
650 0 7 |a Data processing  |2 SNKPeng  |9 331340 
650 0 7 |a matematická analýza  |2 SNKPH  |9 1102 
650 0 7 |a Mathematical analysis  |2 SNKPHeng  |9 276992 
655 7 |a zborníky konferencií  |2 SNKPH  |9 70153 
655 7 |a Proceedings of conferences  |2 SNKPHeng  |9 265791 
700 1 |a Bertet, Karell  |4 edt  |9 428552 
700 1 |a Rudolph, Sebastian  |4 edt  |9 428553 
919 |a 978-80-8152-159-1 
958 |a NB 
999 |c 680694  |d 682624 
952 |a SNK  |b SNK  |y PREZ  |7 0  |p 17A1119085  |o snkSC 161527/1  |i snk2014/24036  |8 0  |0 0  |1 0  |4 0  |d 2014-11-04  |f 1  |l 0  |r 2025-08-25 00:00:00  |w 2026-02-23 
952 |a SNK  |b SNK  |y VYP  |7 0  |p 17A1119086  |o snkSC 161527/1 D1  |i snk2014/24037  |8 0  |0 0  |1 0  |4 0  |d 2014-11-04  |l 0  |r 2026-02-23 19:55:49  |w 2026-02-23